Απειροστικός λογισμός σε πολλές μεταβλητές

Αποθηκεύτηκε σε:
Λεπτομέρειες βιβλιογραφικής εγγραφής
Κύριος συγγραφέας: Χατζηαφράτης, Τηλέμαχος Ε.
Μορφή: Βιβλίο
Γλώσσα:Greek
Δημοσίευση: Αθήνα : [χ.ο.], 1996
Θέματα:
Ετικέτες: Προσθήκη ετικέτας
Δεν υπάρχουν, Καταχωρήστε ετικέτα πρώτοι!

MARC

LEADER 00000cam a2200000 i 4500
001 1/37953
008 970508s1996 gre d
035 |a 1997  |c ΔΩΡΕΑ  |l 10040646 
040 |a GR-MY-UA  |b gre  |e aacr 
041 0 |a gre 
082 0 |a 515  |2 (21) 
100 1 |a Χατζηαφράτης, Τηλέμαχος Ε. 
245 1 0 |a Απειροστικός λογισμός σε πολλές μεταβλητές /  |c Τηλέμαχου Ε. Χατζηαφράτη 
260 |a Αθήνα :   |b [χ.ο.],   |c 1996 
300 |a 563 σ.;  |c 28 εκ. 
500 |a Σύγκλιση και Διαφόριση-Λογισμός στο επίπεδο-Ολοκλήρωση και το Θεώρημα του Stokes-Σύγκλιση σε χώρους Συναρτήσεων και Αναλυτικές Συναρτήσεις-Γεωμετρικά Θέματα-Θέματα Γεωμετρικής Θεωρίας Ολοκλήρωσης-Θέματα Διαφορικών Εξισώσεων με μερικές Παραγώγους-Ολοκληρώματα Τύπου Cauchy 
504 |a Βιβλιογραφία: σ.563 
650 0 0 |a Mathematical analysis. 
650 0 0 |a Functions. 
650 0 0 |a Calculus. 
650 0 0 |a Differential equations. 
650 0 0 |a Stokes' theorem. 
852 |a INST  |b SAMOS  |e 19970508  |h 515 ΧΑΤ  |p 005300009150  |q 005300009150  |t BK  |y 0 
852 |a INST  |b SAMOS  |e 20050331  |h 515 ΧΑΤ  |p 005300025247  |q 005300025247  |t BK  |y 0 
901 |a BIBL3-2005-1 
901 |a BIBL-1997-1 
909 |a Σ  |b 114446 
909 |a Σ  |b 036246 
970 |a ΜΑΛΑΓΑΡΗ  |b ΦΩΤΕΙΝΗ  |z 2005/03/31